000 02065nam0a2200361 4500
001 RU\NLR\bibl\1847503
005 20260407171023.0
010 _a978-5-699-50872-3
_95000
021 _aRU
_b2011-91594
_9598д/11
035 _a(NLR Aleph) 001837925
090 _a2231549
_c2231549
100 _a20111213d2011 |||y0rusy50 ca
101 0 _arus
102 _aRU
105 _aa |||||||||
200 1 _a6 комедий
_f[Леонид Барац, Ростислав Хайт, Александр Демидов, Камиль Ларин]
_gКвартет И [комический театр]
210 _aМосква
_cЭксмо
_d2011
215 _a508, [2] с., [8] л. цв. ил.
_d21
300 _aАвт. указаны в тексте аннот. на 4-й с. обл.
327 1 _aСодерж.: День радио; День выборов; Быстрее, чем кролики; Разговоры мужчин среднего возраста о женщинах, кино и алюминиевых вилках; Милейший Селимар; Один день из жизни Хораса Вандергельдера, почетного гражданина города Йонкерса, торговца бакалейными товарами, холостяка; Хелло, Долли!
686 _aШ6(2=Р)8-64
701 1 _4070
_8rus
_7ca
_aБарац
_bЛ.
_f1971-
_gЛеонид
_3RU\NLR\auth\77107071
_989996
701 1 _4070
_8rus
_7ca
_aХаит
_bР.
_f1971-
_gРостислав
_3RU\NLR\auth\77107072
_989997
701 1 _4070
_8rus
_7ca
_aДемидов
_bА. С.
_cактер, поэт
_f1970-
_gАлександр Сергеевич
_3RU\NLR\AUTH\77107073
_989998
701 1 _4070
_8rus
_7ca
_aЛарин
_bК.
_f1966-
_gКамиль
_3RU\NLR\auth\77107074
_989999
711 0 2 _a"Квартет И", комический театр
_cМосква
_3RU\NLR\AUTH\8810107166
_9714526
801 0 _aRU
_bNLR
_c20111213
_gRCR
801 1 _aRU
_bNLR
_c20111213
942 _cBOOK
980 _aNB
980 _aNBR